[Event "Ahuntsic op"]
[Site "Montreal CAN"]
[Date "2009.04.18"]
[Round "3"]
[White "Laurain, Guy"]
[Black "Barbeau, Sylvain"]
[Result "0-1"]
[WhiteElo "1948"]
[BlackElo "2272"]
[PlyCount "72"]
[GameId "2160767910157096"]
[EventDate "2009.04.18"]
[EventType "swiss (rapid)"]
[EventRounds "5"]
[EventCountry "CAN"]
[SourceTitle "EXT 2011"]
[Source "ChessBase"]
[SourceDate "2011.11.26"]
[SourceVersion "1"]
[SourceVersionDate "2011.11.26"]
[SourceQuality "1"]

1. e4 e5 2. Nf3 Nc6 3. Bb5 a6 4. Ba4 d6 5. O-O Bg4 6. c3 Qf6 7. d3 Nge7 8. Nbd2 g5 9. h3 Bd7 10. Nh2 h5 11. f3 Ng6 12. Bb3 Nf4 13. Nc4 O-O-O 14. Ne3 Bh6 15. Nd5 Nxd5 16. Bxd5 Ne7 17. d4 exd4 18. Qxd4 Qxd4+ 19. cxd4 Nxd5 20. exd5 Rde8 21. Kf2 Bb5 22. Be3 Bxf1 23. Rxf1 f5 24. Rd1 f4 25. Bd2 Rhf8 26. Bc3 Rf5 27. Nf1 Rxd5 28. Nd2 Bg7 29. Ne4 h4 30. Rd2 b6 31. Ke2 Rf5 32. Kd3 d5 33. Nf2 Rf7 34. Ng4 Rfe7 35. b4 c5 36. dxc5 Re3+ 0-1

[Event "Ahuntsic op"]
[Site "Montreal CAN"]
[Date "2009.11.14"]
[Round "3"]
[White "O'Connor, Michael"]
[Black "Robichaud, Louis"]
[Result "1-0"]
[WhiteElo "1685"]
[BlackElo "1840"]
[PlyCount "83"]
[GameId "2160767910157097"]
[EventDate "2009.04.18"]
[EventType "swiss (rapid)"]
[EventRounds "5"]
[EventCountry "CAN"]
[SourceTitle "EXT 2013"]
[Source "ChessBase"]
[SourceDate "2012.11.22"]
[SourceVersion "1"]
[SourceVersionDate "2012.11.22"]
[SourceQuality "1"]

1. d4 Nf6 2. Nf3 g6 3. c4 Bg7 4. Nc3 O-O 5. e4 d6 6. Be2 e5 7. Be3 Ng4 8. Bg5 f6 9. Bh4 g5 10. Bg3 Nh6 11. d5 a5 12. Nd2 Na6 13. f3 Bd7 14. a3 f5 15. Rb1 fxe4 16. fxe4 g4 17. Bf2 Rxf2 18. Kxf2 Qh4+ 19. g3 Rf8+ 20. Ke1 Qg5 21. Rf1 Nf7 22. Rf2 h5 23. Nf1 Bh6 24. b4 axb4 25. axb4 Qg6 26. Qd3 Rc8 27. Ne3 Bxe3 28. Qxe3 Qg5 29. Qa7 Nd8 30. c5 Qe3 31. Nd1 Qxe4 32. c6 bxc6 33. Qxa6 Qxb1 34. dxc6 Qxb4+ 35. Kf1 Be6 36. Qd3 e4 37. Qe3 Nf7 38. Qf4 Qd4 39. Ne3 Ra8 40. Nf5 Ra1+ 41. Kg2 e3 42. Qxd4 1-0

[Event "Ahuntsic op"]
[Site "Montreal CAN"]
[Date "2009.04.18"]
[Round "4"]
[White "Ghannoum, Marc"]
[Black "Barbeau, Sylvain"]
[Result "0-1"]
[WhiteElo "2112"]
[BlackElo "2272"]
[PlyCount "46"]
[GameId "2160767910157098"]
[EventDate "2009.04.18"]
[EventType "swiss (rapid)"]
[EventRounds "5"]
[EventCountry "CAN"]
[SourceTitle "EXT 2011"]
[Source "ChessBase"]
[SourceDate "2011.11.26"]
[SourceVersion "1"]
[SourceVersionDate "2011.11.26"]
[SourceQuality "1"]

1. e4 e5 2. Nf3 Nc6 3. Nc3 Nf6 4. a3 d6 5. d4 exd4 6. Nxd4 Be7 7. Bb5 Bd7 8. Bxc6 bxc6 9. O-O O-O 10. f4 Re8 11. e5 dxe5 12. fxe5 Bg4 13. Qd3 Bc5 14. exf6 Qxd4+ 15. Kh1 Qxd3 16. cxd3 Rad8 17. Ne4 Be2 18. Rf5 Bd4 19. Nc5 Rd5 20. Rxd5 cxd5 21. Nb3 Bxf6 22. Bf4 Bxd3 23. Bxc7 Bxb2 0-1

[Event "Ahuntsic op"]
[Site "Montreal CAN"]
[Date "2009.11.14"]
[Round "4"]
[White "Robichaud, Louis"]
[Black "Zhang, Zhiyuan"]
[Result "1-0"]
[WhiteElo "1840"]
[BlackElo "1883"]
[PlyCount "64"]
[GameId "2160767910157099"]
[EventDate "2009.04.18"]
[EventType "swiss (rapid)"]
[EventRounds "5"]
[EventCountry "CAN"]
[SourceTitle "EXT 2013"]
[Source "ChessBase"]
[SourceDate "2012.11.22"]
[SourceVersion "1"]
[SourceVersionDate "2012.11.22"]
[SourceQuality "1"]

1. e4 e6 2. d3 d5 3. Nd2 c5 4. Ngf3 Nc6 5. g3 Bd6 6. Bg2 Nge7 7. O-O O-O 8. Re1 Bd7 9. c3 b5 10. h4 a5 11. e5 Bc7 12. Nf1 c4 13. d4 Re8 14. h5 h6 15. N1h2 b4 16. g4 Nc8 17. g5 hxg5 18. Bxg5 f6 19. Bh4 Rf8 20. Qd2 Qe8 21. h6 fxe5 22. hxg7 Kxg7 23. dxe5 Bd8 24. Ng4 Bxh4 25. Qh6+ Kf7 26. Nxh4 Rh8 27. Qf6+ Kg8 28. Nh6+ Rxh6 29. Qxh6 Qf8 30. Qh5 Be8 31. Ng6 Qg7 32. Re3 N8a7 1-0

[Event "Ahuntsic op"]
[Site "Montreal CAN"]
[Date "2009.11.14"]
[Round "5"]
[White "Masse, Hugues"]
[Black "Robichaud, Louis"]
[Result "1/2-1/2"]
[WhiteElo "2013"]
[BlackElo "1840"]
[PlyCount "70"]
[GameId "2160767910157101"]
[EventDate "2009.04.18"]
[EventType "swiss (rapid)"]
[EventRounds "5"]
[EventCountry "CAN"]
[SourceTitle "EXT 2013"]
[Source "ChessBase"]
[SourceDate "2012.11.22"]
[SourceVersion "1"]
[SourceVersionDate "2012.11.22"]
[SourceQuality "1"]

1. d4 Nf6 2. c4 g6 3. Nc3 Bg7 4. e4 d6 5. Nf3 O-O 6. Be2 e5 7. Be3 Ng4 8. Bg5 f6 9. Bh4 g5 10. Bg3 Nh6 11. dxe5 dxe5 12. Qxd8 Rxd8 13. h4 Nf7 14. hxg5 fxg5 15. Rd1 Rxd1+ 16. Kxd1 c6 17. Nh2 Nh6 18. Nf1 Nd7 19. Ne3 Nc5 20. Kc1 Nf7 21. Bg4 Bxg4 22. Nxg4 Rd8 23. f3 Nd3+ 24. Kc2 Nf4 25. Ne3 Bf8 26. Rd1 Rxd1 27. Ncxd1 Bc5 28. Be1 Kg7 29. b4 Bf8 30. c5 Kg6 31. Nb2 h5 32. Nbc4 Kf6 33. Bc3 Ke6 34. Kd2 h4 35. Ng4 Bg7 1/2-1/2

[Event "Albert Boxer mem"]
[Site "Winnipeg CAN"]
[Date "2009.05.29"]
[Round "1"]
[White "Czypinski, Jaroslaw"]
[Black "Pang, Michael"]
[Result "0-1"]
[WhiteElo "1885"]
[BlackElo "1514"]
[PlyCount "82"]
[GameId "2160767910156563"]
[EventDate "2009.05.29"]
[EventType "swiss"]
[EventRounds "5"]
[EventCountry "CAN"]
[SourceTitle "EXT 2011"]
[Source "ChessBase"]
[SourceDate "2011.11.26"]
[SourceVersion "1"]
[SourceVersionDate "2011.11.26"]
[SourceQuality "1"]

1. Nf3 d5 2. d4 Nf6 3. e3 g6 4. Bd3 Bg7 5. Nbd2 O-O 6. Ne5 Nbd7 7. Ndf3 Nxe5 8. Nxe5 Nd7 9. f4 Nxe5 10. fxe5 c5 11. c3 c4 12. Bc2 f6 13. O-O fxe5 14. Rxf8+ Kxf8 15. b3 b5 16. a4 exd4 17. exd4 bxa4 18. bxc4 Be6 19. Qe2 Bf7 20. c5 Qa5 21. Qf3 e5 22. Be3 Rc8 23. Rf1 Rc7 24. Qxd5 Re7 25. Bg5 Kg8 26. Qa8+ Re8 27. Qb7 Rf8 28. Be7 Re8 29. Rxf7 Qxc3 30. Qd5 Qxd4+ 31. Qxd4 exd4 32. Rxg7+ Kxg7 33. Bd6 a3 34. Bb3 a5 35. c6 a4 36. Bc4 d3 37. Bb4 Re4 38. Bxd3 Rxb4 39. c7 a2 40. c8=Q a1=Q+ 41. Bf1 Rf4 0-1

[Event "Albert Boxer mem"]
[Site "Winnipeg CAN"]
[Date "2009.05.29"]
[Round "1"]
[White "Gibbons, Lorne"]
[Black "Green, Jim"]
[Result "0-1"]
[WhiteElo "1246"]
[BlackElo "1769"]
[PlyCount "43"]
[GameId "2160767910156564"]
[EventDate "2009.05.29"]
[EventType "swiss"]
[EventRounds "5"]
[EventCountry "CAN"]
[SourceTitle "EXT 2011"]
[Source "ChessBase"]
[SourceDate "2011.11.26"]
[SourceVersion "1"]
[SourceVersionDate "2011.11.26"]
[SourceQuality "1"]

1. d4 d5 2. c4 c6 3. Nc3 Nf6 4. cxd5 cxd5 5. Bf4 a6 6. h3 Nc6 7. a3 g6 8. Nf3 Bg7 9. e3 O-O 10. Be2 Re8 11. Qc2 Bf5 12. Qd2 Na5 13. Qd1 b5 14. Rc1 Rc8 15. O-O Ne4 16. Na2 Nc4 17. Bxc4 dxc4 18. g4 Bd7 19. Nc3 Nxc3 20. Rxc3 Bc6 21. Qe2 Qd5 22. Re1 0-1

[Event "Albert Boxer mem"]
[Site "Winnipeg CAN"]
[Date "2009.05.29"]
[Round "1"]
[White "Greenberg, Harley"]
[Black "Manicdao, Tomas"]
[Result "0-1"]
[WhiteElo "1762"]
[BlackElo "1781"]
[PlyCount "84"]
[GameId "2160767910156565"]
[EventDate "2009.05.29"]
[EventType "swiss"]
[EventRounds "5"]
[EventCountry "CAN"]
[SourceTitle "EXT 2011"]
[Source "ChessBase"]
[SourceDate "2011.11.26"]
[SourceVersion "1"]
[SourceVersionDate "2011.11.26"]
[SourceQuality "1"]

1. e4 e6 2. d4 d5 3. Nd2 Bb4 4. c3 Bd6 5. Ngf3 Nd7 6. Bd3 c6 7. O-O Ne7 8. Re1 Ng6 9. exd5 cxd5 10. c4 dxc4 11. Nxc4 Bc7 12. d5 Nf6 13. d6 Bb8 14. Bg5 Bd7 15. Be4 Bc6 16. Bxf6 gxf6 17. Bxc6+ bxc6 18. Qa4 Qd7 19. Nb6 axb6 20. Qxa8 Qxd6 21. Rad1 Qc7 22. Qa3 Ne7 23. Qc3 e5 24. Qd3 Qc8 25. h3 h6 26. Nd2 Rg8 27. Ne4 Nd5 28. Qf3 f5 29. Ng3 Ne7 30. Qc3 Qe6 31. f4 e4 32. Nh5 Nd5 33. Rxd5 cxd5 34. Ng7+ Rxg7 35. Qxg7 Bxf4 36. Qd4 Bd6 37. Kf1 Bc5 38. Qa4+ Kf8 39. b4 Bd4 40. Qa8+ Kg7 41. Rc1 Qe5 42. Rc8 Qf4+ 0-1

[Event "Albert Boxer mem"]
[Site "Winnipeg CAN"]
[Date "2009.05.29"]
[Round "1"]
[White "Kaptsan, Aron"]
[Black "Swift, Ryne"]
[Result "1-0"]
[WhiteElo "2080"]
[BlackElo "1681"]
[PlyCount "55"]
[GameId "2160767910156566"]
[EventDate "2009.05.29"]
[EventType "swiss"]
[EventRounds "5"]
[EventCountry "CAN"]
[SourceTitle "EXT 2011"]
[Source "ChessBase"]
[SourceDate "2011.11.26"]
[SourceVersion "1"]
[SourceVersionDate "2011.11.26"]
[SourceQuality "1"]

1. e4 e5 2. Nf3 Nc6 3. Bb5 a6 4. Ba4 Nf6 5. d3 b5 6. Bb3 d6 7. Ng5 d5 8. exd5 Nd4 9. c4 Bd7 10. O-O Bg4 11. f3 Bc5 12. Kh1 Bh5 13. Nc3 O-O 14. Nge4 Nxe4 15. Nxe4 Ba7 16. Qe1 Bg6 17. Be3 Re8 18. Qd2 Rb8 19. Bxd4 Bxd4 20. cxb5 Bxe4 21. fxe4 Rxb5 22. Rac1 Rb6 23. d6 Rxb3 24. dxc7 Qd7 25. axb3 Rc8 26. Qc2 Be3 27. Qc6 Qxd3 28. Rcd1 1-0

[Event "Albert Boxer mem"]
[Site "Winnipeg CAN"]
[Date "2009.05.29"]
[Round "1"]
[White "Khedkar, Jay S"]
[Black "Gannon, Keith"]
[Result "1-0"]
[WhiteElo "1982"]
[BlackElo "1598"]
[PlyCount "47"]
[GameId "2160767910156567"]
[EventDate "2009.05.29"]
[EventType "swiss"]
[EventRounds "5"]
[EventCountry "CAN"]
[SourceTitle "EXT 2011"]
[Source "ChessBase"]
[SourceDate "2011.11.26"]
[SourceVersion "1"]
[SourceVersionDate "2011.11.26"]
[SourceQuality "1"]

1. e4 e5 2. f4 exf4 3. Nf3 d6 4. Bc4 Be7 5. O-O Nc6 6. d4 Nf6 7. Nc3 O-O 8. Bxf4 a6 9. d5 Na5 10. Bd3 c5 11. e5 dxe5 12. Nxe5 b5 13. Ne4 Nxd5 14. Ng5 Nxf4 15. Bxh7+ Kh8 16. Nexf7+ Rxf7 17. Nxf7+ Kxh7 18. Nxd8 g5 19. Rxf4 gxf4 20. Qh5+ Kg7 21. Qf7+ Kh6 22. Qxe7 c4 23. Rd1 Rb8 24. Qd6+ 1-0

[Event "Albert Boxer mem"]
[Site "Winnipeg CAN"]
[Date "2009.05.29"]
[Round "1"]
[White "Letain, Cory"]
[Black "Wiebe, Daniel"]
[Result "0-1"]
[WhiteElo "1581"]
[BlackElo "1904"]
[PlyCount "66"]
[GameId "2160767910156568"]
[EventDate "2009.05.29"]
[EventType "swiss"]
[EventRounds "5"]
[EventCountry "CAN"]
[SourceTitle "EXT 2011"]
[Source "ChessBase"]
[SourceDate "2011.11.26"]
[SourceVersion "1"]
[SourceVersionDate "2011.11.26"]
[SourceQuality "1"]

1. d4 Nf6 2. c4 g6 3. Nc3 Bg7 4. e4 d6 5. Nf3 O-O 6. Be2 e5 7. O-O Nc6 8. d5 Ne7 9. h3 Ne8 10. b4 f5 11. Nd2 f4 12. f3 g5 13. c5 Rf6 14. Kf2 Rh6 15. Rh1 Nf6 16. cxd6 cxd6 17. Nc4 a6 18. a4 Nh5 19. Qb3 Ng3 20. Rh2 Nxe2 21. Nxe2 g4 22. fxg4 Bxg4 23. Bb2 Ng6 24. Rah1 Qh4+ 25. g3 fxg3+ 26. Qxg3 Qf6+ 27. Ke1 Bxe2 28. Rxe2 Nf4 29. Rf2 Rg6 30. Qb3 Qh4 31. Kf1 Rc8 32. Bc1 Nh5 33. Rg1 Ng3+ 0-1

[Event "Albert Boxer mem"]
[Site "Winnipeg CAN"]
[Date "2009.05.29"]
[Round "1"]
[White "Lipic, Stephen"]
[Black "Vincent, Trevor"]
[Result "0-1"]
[WhiteElo "1710"]
[BlackElo "2234"]
[PlyCount "56"]
[GameId "2160767910156569"]
[EventDate "2009.05.29"]
[EventType "swiss"]
[EventRounds "5"]
[EventCountry "CAN"]
[SourceTitle "EXT 2011"]
[Source "ChessBase"]
[SourceDate "2011.11.26"]
[SourceVersion "1"]
[SourceVersionDate "2011.11.26"]
[SourceQuality "1"]

1. f4 Nf6 2. Nf3 g6 3. e3 Bg7 4. Be2 O-O 5. O-O d5 6. c3 c5 7. Qc2 Bf5 8. d3 c4 9. Nbd2 Qb6 10. Nd4 cxd3 11. Bxd3 Bxd3 12. Qxd3 Nbd7 13. N2f3 Rac8 14. Kh1 a6 15. b3 Nc5 16. Qc2 Nce4 17. Bb2 Nxc3 18. Bxc3 Ne4 19. Rac1 Rxc3 20. Qe2 Rfc8 21. Rxc3 Rxc3 22. Rd1 e6 23. g3 Qc7 24. Kg2 Bf8 25. Nd2 Nf6 26. e4 Bc5 27. N4f3 Ng4 28. Kh3 Nf2+ 0-1

[Event "Albert Boxer mem"]
[Site "Winnipeg CAN"]
[Date "2009.05.29"]
[Round "1"]
[White "Lipnowski, Samuel"]
[Black "Wasserman, Arie"]
[Result "1-0"]
[WhiteElo "2278"]
[BlackElo "1733"]
[PlyCount "75"]
[GameId "2160767910156570"]
[EventDate "2009.05.29"]
[EventType "swiss"]
[EventRounds "5"]
[EventCountry "CAN"]
[SourceTitle "EXT 2011"]
[Source "ChessBase"]
[SourceDate "2011.11.26"]
[SourceVersion "1"]
[SourceVersionDate "2011.11.26"]
[SourceQuality "1"]

1. e4 e5 2. Nf3 Nc6 3. Bb5 Nf6 4. O-O Bc5 5. d3 d6 6. c3 O-O 7. Nbd2 Ne7 8. h3 Ng6 9. Re1 c6 10. Bc4 b5 11. Bb3 Re8 12. Nf1 h6 13. Ng3 a5 14. a3 Ra7 15. Nh2 Nh7 16. Qh5 Qf6 17. Be3 Bxe3 18. Rxe3 Nf4 19. Qf3 Ng5 20. Qd1 Ngxh3+ 21. Kf1 Nxd3 22. Rf3 Ndf4 23. gxh3 Bxh3+ 24. Ke1 Bg2 25. Re3 Bh3 26. Kd2 d5 27. Kc2 Rd7 28. Qg1 Red8 29. Rd1 d4 30. cxd4 exd4 31. Rf3 Bg2 32. Rxf4 Qxf4 33. Qxg2 c5 34. Nh5 Qe5 35. Ng4 Qg5 36. f4 Qg6 37. Ngf6+ gxf6 38. Qxg6+ 1-0

[Event "Albert Boxer mem"]
[Site "Winnipeg CAN"]
[Date "2009.05.29"]
[Round "1"]
[White "Ott, Richard"]
[Black "Green, Aaron"]
[Result "0-1"]
[WhiteElo "1466"]
[BlackElo "1857"]
[PlyCount "66"]
[GameId "2160767910156571"]
[EventDate "2009.05.29"]
[EventType "swiss"]
[EventRounds "5"]
[EventCountry "CAN"]
[SourceTitle "EXT 2011"]
[Source "ChessBase"]
[SourceDate "2011.11.26"]
[SourceVersion "1"]
[SourceVersionDate "2011.11.26"]
[SourceQuality "1"]

1. d4 Nf6 2. Nf3 g6 3. Bf4 d5 4. e3 Bg7 5. c4 e6 6. Nc3 c6 7. h3 O-O 8. Qb3 Nbd7 9. cxd5 exd5 10. Bd3 Re8 11. O-O h6 12. a4 Nf8 13. Ne5 N6d7 14. Nxf7 Kxf7 15. Ne4 Rxe4 16. Bxe4 Ne6 17. Bc2 Nxf4 18. exf4 Nb6 19. g4 Nc4 20. Qd3 Qf6 21. Rae1 h5 22. Qe2 Bd7 23. g5 Qd6 24. Qf3 Nd2 25. Bxg6+ Qxg6 26. Qa3 Bf8 27. Qg3 Nxf1 28. Kxf1 Re8 29. Re5 Rxe5 30. fxe5 Qf5 31. e6+ Qxe6 32. Qf3+ Ke7 33. Qxh5 Qxh3+ 0-1

[Event "Albert Boxer mem"]
[Site "Winnipeg CAN"]
[Date "2009.05.29"]
[Round "1"]
[White "Wasserman, Leor"]
[Black "Boron, Anthony"]
[Result "0-1"]
[WhiteElo "1620"]
[BlackElo "2006"]
[PlyCount "106"]
[GameId "2160767910156574"]
[EventDate "2009.05.29"]
[EventType "swiss"]
[EventRounds "5"]
[EventCountry "CAN"]
[SourceTitle "EXT 2011"]
[Source "ChessBase"]
[SourceDate "2011.11.26"]
[SourceVersion "1"]
[SourceVersionDate "2011.11.26"]
[SourceQuality "1"]

1. e4 c5 2. c3 d5 3. Bd3 Nc6 4. Nf3 Bg4 5. O-O Nf6 6. exd5 Qxd5 7. Be2 g6 8. d4 cxd4 9. Nxd4 Bxe2 10. Qxe2 Nxd4 11. cxd4 Bg7 12. Be3 O-O 13. Nc3 Qd7 14. Rac1 a6 15. Rfd1 Rac8 16. Qd2 Rfd8 17. Bh6 Bh8 18. Ne2 Rxc1 19. Rxc1 Ng4 20. Be3 e5 21. Rd1 Nxe3 22. fxe3 exd4 23. Nxd4 Qd5 24. b3 Qe4 25. Qc3 Bf6 26. Qd2 Bg5 27. Re1 Bxe3+ 28. Rxe3 Qxd4 29. Qxd4 Rxd4 30. Kf2 Rd2+ 31. Re2 Rxe2+ 32. Kxe2 Kf8 33. Kd3 Ke7 34. Kc4 Kd6 35. Kd4 f5 36. Ke3 Ke5 37. Kd3 g5 38. Kc4 f4 39. Kd3 h5 40. Ke2 g4 41. g3 f3+ 42. Ke3 Kd5 43. Kd3 Kc5 44. a3 a5 45. Ke3 b5 46. Kd3 a4 47. b4+ Kd5 48. Ke3 Kc4 49. Kf4 f2 50. Kg5 f1=Q 51. Kh4 Qf5 52. h3 gxh3 53. g4 Qxg4# 0-1

[Event "Albert Boxer mem"]
[Site "Winnipeg CAN"]
[Date "2009.05.30"]
[Round "2"]
[White "Araullo, Paolo"]
[Black "Greenberg, Harley"]
[Result "1-0"]
[WhiteElo "1967"]
[BlackElo "1762"]
[PlyCount "59"]
[GameId "2160767910156575"]
[EventDate "2009.05.29"]
[EventType "swiss"]
[EventRounds "5"]
[EventCountry "CAN"]
[SourceTitle "EXT 2011"]
[Source "ChessBase"]
[SourceDate "2011.11.26"]
[SourceVersion "1"]
[SourceVersionDate "2011.11.26"]
[SourceQuality "1"]

1. e4 c5 2. Nf3 Nc6 3. d4 cxd4 4. Nxd4 e5 5. Nb5 d6 6. N1c3 a6 7. Na3 Be6 8. Be2 Nge7 9. Nd5 Nxd5 10. exd5 Qa5+ 11. Bd2 Qxd5 12. O-O Nd4 13. Bc4 Qc6 14. Bxe6 Nxe6 15. f4 Be7 16. f5 Nd4 17. Qg4 Bf6 18. Rfe1 Nxc2 19. Nxc2 Qxc2 20. Bc3 O-O 21. Rad1 b5 22. Rxd6 Qa4 23. Re4 h5 24. Rxa4 hxg4 25. Rxg4 Be7 26. Rd7 Bc5+ 27. Kf1 Rfe8 28. Rd5 b4 29. Bxe5 f6 30. Bxf6 1-0

[Event "Albert Boxer mem"]
[Site "Winnipeg CAN"]
[Date "2009.05.30"]
[Round "2"]
[White "Boron, Anthony"]
[Black "Green, Jim"]
[Result "0-1"]
[WhiteElo "2006"]
[BlackElo "1769"]
[PlyCount "122"]
[GameId "2160767910156576"]
[EventDate "2009.05.29"]
[EventType "swiss"]
[EventRounds "5"]
[EventCountry "CAN"]
[SourceTitle "EXT 2011"]
[Source "ChessBase"]
[SourceDate "2011.11.26"]
[SourceVersion "1"]
[SourceVersionDate "2011.11.26"]
[SourceQuality "1"]

1. d4 d5 2. c4 c6 3. cxd5 cxd5 4. Nc3 Nf6 5. Bf4 e6 6. Nf3 a6 7. e3 Nc6 8. Bd3 Be7 9. h3 O-O 10. O-O b5 11. Ne5 Bb7 12. Rc1 Rc8 13. g4 Nd7 14. Nf3 Re8 15. Qc2 Nf8 16. Qb1 f6 17. Rfd1 Bd6 18. Bxd6 Qxd6 19. a3 Na5 20. g5 Qe7 21. h4 Nc6 22. b4 Rc7 23. Re1 Rec8 24. Qb2 Nd8 25. Ne2 Nf7 26. Rxc7 Rxc7 27. gxf6 Qxf6 28. Kg2 Nd6 29. Ne5 Nc4 30. Qc1 Rc8 31. Nf3 e5 32. Bb1 e4 33. Ng5 h6 34. Nh3 Qf3+ 35. Kh2 Ne5 36. dxe5 Rxc1 37. Nxc1 Bc8 38. Nf4 Qxf2+ 39. Ng2 Ng6 40. Re2 Qf5 41. Ba2 Be6 42. Nb3 Qxe5+ 43. Kg1 Qg3 44. Nd4 Qg4 45. Kf1 Bf7 46. Rc2 Ne5 47. Re2 Nf3 48. Nc6 Qd7 49. Rc2 d4 50. Bxf7+ Qxf7 51. Nf4 d3 52. Rc5 Kh7 53. h5 Qb3 54. Ng6 Qd1+ 55. Kg2 Qg1+ 56. Kh3 Qh2+ 57. Kg4 Qg2+ 58. Kf4 Qh2+ 59. Kxe4 Ng5+ 60. Rxg5 hxg5 61. Nf8+ Kh6 0-1

[Event "Albert Boxer mem"]
[Site "Winnipeg CAN"]
[Date "2009.05.30"]
[Round "2"]
[White "Gannon, Keith"]
[Black "Lipic, Stephen"]
[Result "0-1"]
[WhiteElo "1598"]
[BlackElo "1710"]
[PlyCount "108"]
[GameId "2160767910156577"]
[EventDate "2009.05.29"]
[EventType "swiss"]
[EventRounds "5"]
[EventCountry "CAN"]
[SourceTitle "EXT 2011"]
[Source "ChessBase"]
[SourceDate "2011.11.26"]
[SourceVersion "1"]
[SourceVersionDate "2011.11.26"]
[SourceQuality "1"]

1. e4 c6 2. d4 d5 3. Nc3 dxe4 4. Nxe4 e5 5. Nf3 Bg4 6. Be2 Bxf3 7. Bxf3 exd4 8. O-O Nf6 9. Bg5 Be7 10. Nxf6+ Bxf6 11. Re1+ Kf8 12. Bd2 g6 13. Bb4+ Kg7 14. Rb1 Na6 15. Bd2 Nc7 16. Bf4 Ne6 17. Be5 Re8 18. Bg4 b6 19. Bxe6 Rxe6 20. Bxf6+ Qxf6 21. Qd3 c5 22. b3 Rae8 23. Rxe6 Qxe6 24. g3 Qe2 25. Qd1 Qxd1+ 26. Rxd1 Re2 27. Rc1 Rd2 28. Kf1 d3 29. cxd3 Rxa2 30. Rc3 Kf6 31. Kg2 Ke5 32. Rc4 Rb2 33. Ra4 a5 34. Kh3 f5 35. f4+ Kd5 36. Ra1 Re2 37. Rd1 Kd4 38. Rf1 h6 39. Rf3 Re3 40. Rf2 Kxd3 41. Kh4 Re2 42. Rxe2 Kxe2 43. g4 fxg4 44. Kxg4 a4 45. bxa4 c4 46. f5 gxf5+ 47. Kxf5 c3 48. Kg6 c2 49. Kxh6 c1=Q+ 50. Kh5 Qg1 51. h4 Kf3 52. Kh6 Kf4 53. h5 Kf5 54. Kh7 Kf6 0-1

[Event "Albert Boxer mem"]
[Site "Winnipeg CAN"]
[Date "2009.05.30"]
[Round "2"]
[White "Green, Aaron"]
[Black "Kaptsan, Aron"]
[Result "1/2-1/2"]
[WhiteElo "1857"]
[BlackElo "2080"]
[PlyCount "57"]
[GameId "2160767910156578"]
[EventDate "2009.05.29"]
[EventType "swiss"]
[EventRounds "5"]
[EventCountry "CAN"]
[SourceTitle "EXT 2011"]
[Source "ChessBase"]
[SourceDate "2011.11.26"]
[SourceVersion "1"]
[SourceVersionDate "2011.11.26"]
[SourceQuality "1"]

1. e4 e5 2. Nf3 Nc6 3. Bb5 a6 4. Bxc6 dxc6 5. O-O Bg4 6. h3 h5 7. d3 Qf6 8. Be3 Bxf3 9. Qxf3 Qxf3 10. gxf3 Bd6 11. Nd2 Ne7 12. Nb3 Ng6 13. d4 f6 14. dxe5 fxe5 15. Bg5 Be7 16. Bxe7 Kxe7 17. Kh2 b6 18. Rg1 Kf7 19. Rad1 Rad8 20. Nc1 Rd6 21. Rxd6 cxd6 22. Nd3 a5 23. c4 Kf6 24. b3 Rd8 25. Rd1 d5 26. Ne1 d4 27. Nd3 c5 28. a4 h4 29. Kg2 1/2-1/2

[Event "Albert Boxer mem"]
[Site "Winnipeg CAN"]
[Date "2009.05.30"]
[Round "2"]
[White "Keer, Keer"]
[Black "Wasserman, Leor"]
[Result "0-1"]
[WhiteElo "1394"]
[BlackElo "1620"]
[PlyCount "44"]
[GameId "2160767910156579"]
[EventDate "2009.05.29"]
[EventType "swiss"]
[EventRounds "5"]
[EventCountry "CAN"]
[SourceTitle "EXT 2011"]
[Source "ChessBase"]
[SourceDate "2011.11.26"]
[SourceVersion "1"]
[SourceVersionDate "2011.11.26"]
[SourceQuality "1"]

1. e4 e5 2. d3 Bc5 3. Qe2 Nc6 4. Nf3 d6 5. Be3 Bg4 6. g3 Nf6 7. Bg2 Nd4 8. Bxd4 Bxd4 9. c3 Bb6 10. O-O O-O 11. a4 a6 12. h3 Bh5 13. Nbd2 Re8 14. Nc4 Ba7 15. Rfd1 c6 16. Qd2 d5 17. Ncxe5 dxe4 18. dxe4 Qxd2 19. Rxd2 Nxe4 20. Rd7 Bxf2+ 21. Kh2 Bxg3+ 22. Kg1 Bxe5 0-1

[Event "Albert Boxer mem"]
[Site "Winnipeg CAN"]
[Date "2009.05.30"]
[Round "2"]
[White "Manicdao, Tomas"]
[Black "Khedkar, Jay S"]
[Result "0-1"]
[WhiteElo "1781"]
[BlackElo "1982"]
[PlyCount "36"]
[GameId "2160767910156580"]
[EventDate "2009.05.29"]
[EventType "swiss"]
[EventRounds "5"]
[EventCountry "CAN"]
[SourceTitle "EXT 2011"]
[Source "ChessBase"]
[SourceDate "2011.11.26"]
[SourceVersion "1"]
[SourceVersionDate "2011.11.26"]
[SourceQuality "1"]

1. f4 Nf6 2. Nf3 c5 3. e3 e6 4. c3 Nc6 5. d4 b6 6. Bd3 Bb7 7. O-O Be7 8. Ne5 d6 9. Nf3 Qc7 10. Bd2 e5 11. Qc2 e4 12. Bxe4 Nxe4 13. Qxe4 Nxd4 14. Qd3 Nxf3+ 15. gxf3 Qd7 16. e4 O-O-O 17. c4 g6 18. f5 Bf6 0-1

[Event "Albert Boxer mem"]
[Site "Winnipeg CAN"]
[Date "2009.05.30"]
[Round "2"]
[White "Swift, Ryne"]
[Black "Ott, Richard"]
[Result "1-0"]
[WhiteElo "1681"]
[BlackElo "1466"]
[PlyCount "63"]
[GameId "2160767910156581"]
[EventDate "2009.05.29"]
[EventType "swiss"]
[EventRounds "5"]
[EventCountry "CAN"]
[SourceTitle "EXT 2011"]
[Source "ChessBase"]
[SourceDate "2011.11.26"]
[SourceVersion "1"]
[SourceVersionDate "2011.11.26"]
[SourceQuality "1"]

1. e4 c5 2. Nf3 Nc6 3. d4 cxd4 4. Nxd4 g6 5. Nc3 Bg7 6. Be3 Nf6 7. Qd2 O-O 8. f3 d5 9. exd5 Nxd5 10. Nxc6 bxc6 11. O-O-O Be6 12. Nxd5 cxd5 13. Bd4 f6 14. Re1 Bf7 15. Bc5 e5 16. Bxf8 Qxf8 17. Kb1 f5 18. c3 a5 19. a4 Kh8 20. Bb5 Bg8 21. Qf2 d4 22. Re2 dxc3 23. bxc3 e4 24. Re3 Rb8 25. fxe4 Qa3 26. Qb2 Qc5 27. Rhe1 Bc4 28. Kc2 Bh6 29. Rf3 fxe4 30. Rxe4 Qd5 31. Rxc4 Qd2+ 32. Kb3 1-0